000 00737nam a22002537a 4500
003 OSt
005 20220924113637.0
006 a|||||r|||| 00| 0
007 ta
008 220923b |||||||| |||| 00| 0 eng d
024 _a138673
037 _cGeneral Books
040 _aARTS
_cARTS
_beng
041 _2eng
_aeng
082 _aX:512, J7-;1
100 _aMartineau Pierre
_9170275
245 0 _aMotivation in advertising
_b Motives that make people buy
260 _aNA
_bNA
_c1957
300 _ap.
490 _aMcGraw Hill series in marketing advertising ed by Steuart Henderson Britt
650 _aECONOMICS
942 _hX:512, J7-;1
_cGB
_2CC
999 _c390307
_d390307